Meszlény Artúr

Elmentve itt :
Bibliográfiai részletek
Szerző: Kolosváry Bálint
Dokumentumtípus: Cikk
Megjelent: 1930
Sorozat:Polgári jog : a hazai és külföldi magánjog és hiteljog szemléje 6
Kulcsszavak:Meszlény Artúr, Jogtudomány egyetem tanári kinevezés 1930, Szeged
Online Access:http://misc.bibl.u-szeged.hu/5447
LEADER 00642nab a2200169 i 4500
001 misc5447
005 20191106142651.0
008 170607s1930 hu o 0|| hun d
040 |a SZTE Miscellanea Repozitórium  |b hun 
041 |a hun 
100 1 |a Kolosváry Bálint 
245 1 0 |a Meszlény Artúr  |h [elektronikus dokumentum] /  |c  Kolosváry Bálint 
260 |c 1930 
300 |a 1-4a 
490 0 |a Polgári jog : a hazai és külföldi magánjog és hiteljog szemléje  |v 6 
695 |a Meszlény Artúr, Jogtudomány egyetem tanári kinevezés 1930, Szeged 
856 4 0 |u http://misc.bibl.u-szeged.hu/5447/1/polgari_jog_1930_001-004a.pdf  |z Dokumentum-elérés